LDR 01324naa#a2200217#i#450# 001 RU\\bibl\123413 005 20260705195145.7 011 ## _a1994-4683 100 ## _a20230731b2023####ek#y0rusy0150####ca 102 ## _aRU 200 1# _aЭКСПРЕСС-ТЕСТЫ И ИНДЕКСЫ ПОКАЗАТЕЛЕЙ ФИЗИЧЕСКОГО РАЗВИТИЯ И ФУНКЦИОНАЛЬНОГО СОСТОЯНИЯ СТУДЕНТОВ _eЖурнальная статья 210 1# _aМосква _cНациональный государственный Университет физической культуры, спорта и здоровья им. П.Ф. Лесгафта _d2023 215 ## _a4 с. 608 ## _aЖурнальная статья _2local 675 ## _aМетодика физического воспитания. Пути и средства физического воспитания. Учебные заведения физической культуры. 796.011.3 _z 700 #1 _aРаевский _gДмитрий Александрович 700 #1 _aЧичерин _gВадим Петрович 700 #1 _aДомащенко _gВалерий Сергеевич 700 #1 _aМамышев _gЕвгений Васильевич 700 #1 _aТерехова _gНина Васильевна 856 4# _auchzapiski.lesgaft.spb.ru _u